<?xml version="1.0" encoding="UTF-8"?>
<collection xmlns="http://www.loc.gov/MARC21/slim">
 <record>
  <leader>07080cam a2201153 c 4500</leader>
  <controlfield tag="001">82450643X</controlfield>
  <controlfield tag="003">DE-627</controlfield>
  <controlfield tag="005">20260216163016.0</controlfield>
  <controlfield tag="007">tu</controlfield>
  <controlfield tag="008">150508s2015    gw |||||      00| ||ger c</controlfield>
  <datafield tag="015" ind1=" " ind2=" ">
   <subfield code="a">15,A18</subfield>
   <subfield code="2">dnb</subfield>
  </datafield>
  <datafield tag="016" ind1="7" ind2=" ">
   <subfield code="a">1069327964</subfield>
   <subfield code="2">DE-101</subfield>
  </datafield>
  <datafield tag="020" ind1=" " ind2=" ">
   <subfield code="a">9783643129215</subfield>
   <subfield code="q">kart. : EUR 39.90</subfield>
  </datafield>
  <datafield tag="024" ind1="3" ind2=" ">
   <subfield code="a">9783643129215</subfield>
  </datafield>
  <datafield tag="035" ind1=" " ind2=" ">
   <subfield code="a">(DE-627)82450643X</subfield>
  </datafield>
  <datafield tag="035" ind1=" " ind2=" ">
   <subfield code="a">(DE-603)357906160</subfield>
  </datafield>
  <datafield tag="035" ind1=" " ind2=" ">
   <subfield code="a">(DE-576)428376215</subfield>
  </datafield>
  <datafield tag="035" ind1=" " ind2=" ">
   <subfield code="a">(DE-599)BSZ428376215</subfield>
  </datafield>
  <datafield tag="035" ind1=" " ind2=" ">
   <subfield code="a">(OCoLC)935855106</subfield>
  </datafield>
  <datafield tag="035" ind1=" " ind2=" ">
   <subfield code="a">(OCoLC)907228682</subfield>
  </datafield>
  <datafield tag="040" ind1=" " ind2=" ">
   <subfield code="a">DE-627</subfield>
   <subfield code="b">ger</subfield>
   <subfield code="c">DE-627</subfield>
   <subfield code="e">rakwb</subfield>
  </datafield>
  <datafield tag="041" ind1=" " ind2=" ">
   <subfield code="a">ger</subfield>
   <subfield code="a">eng</subfield>
  </datafield>
  <datafield tag="044" ind1=" " ind2=" ">
   <subfield code="c">XA-DE-BE</subfield>
  </datafield>
  <datafield tag="082" ind1="0" ind2=" ">
   <subfield code="a">271.3</subfield>
   <subfield code="q">BSZ</subfield>
  </datafield>
  <datafield tag="082" ind1="0" ind2="4">
   <subfield code="a">230</subfield>
   <subfield code="a">720</subfield>
  </datafield>
  <datafield tag="084" ind1=" " ind2=" ">
   <subfield code="a">9,10</subfield>
   <subfield code="a">1</subfield>
   <subfield code="2">ssgn</subfield>
  </datafield>
  <datafield tag="084" ind1=" " ind2=" ">
   <subfield code="a">NV 5230</subfield>
   <subfield code="2">rvk</subfield>
   <subfield code="0">(DE-625)rvk/131864:</subfield>
  </datafield>
  <datafield tag="084" ind1=" " ind2=" ">
   <subfield code="a">NV 5150</subfield>
   <subfield code="2">rvk</subfield>
   <subfield code="0">(DE-625)rvk/131859:</subfield>
  </datafield>
  <datafield tag="084" ind1=" " ind2=" ">
   <subfield code="a">LH 67840</subfield>
   <subfield code="2">rvk</subfield>
   <subfield code="0">(DE-625)rvk/94697:</subfield>
  </datafield>
  <datafield tag="084" ind1=" " ind2=" ">
   <subfield code="a">LH 67670</subfield>
   <subfield code="2">rvk</subfield>
   <subfield code="0">(DE-625)rvk/94654:154</subfield>
  </datafield>
  <datafield tag="084" ind1=" " ind2=" ">
   <subfield code="a">BO 1680</subfield>
   <subfield code="q">BVB</subfield>
   <subfield code="2">rvk</subfield>
   <subfield code="0">(DE-625)rvk/14016:</subfield>
  </datafield>
  <datafield tag="084" ind1=" " ind2=" ">
   <subfield code="a">BO 1715</subfield>
   <subfield code="2">rvk</subfield>
   <subfield code="0">(DE-625)rvk/14021:</subfield>
  </datafield>
  <datafield tag="084" ind1=" " ind2=" ">
   <subfield code="a">11.52</subfield>
   <subfield code="2">bkl</subfield>
  </datafield>
  <datafield tag="084" ind1=" " ind2=" ">
   <subfield code="a">21.70</subfield>
   <subfield code="2">bkl</subfield>
  </datafield>
  <datafield tag="245" ind1="0" ind2="4">
   <subfield code="a">Die Klöster der Franziskaner im Mittelalter</subfield>
   <subfield code="b">Räume, Nutzungen, Symbolik ; [Beiträge eines Workshops, der auf eine gemeinsame Initiative des Interakademischen Projekts &quot;Klöster im Hochmittelalter: Innovationslabore europäischer Lebensentwürfe  und Ordnungsmodelle (Sächsische Akademie der Wissenschaften und Heidelberger Akademie der Wissenschaften)...im November 2012 in Heidelberg stattfand]</subfield>
   <subfield code="c">Gert Melville; Leonie Silberer; Bernd Schmies (Hgg.)</subfield>
  </datafield>
  <datafield tag="264" ind1=" " ind2="1">
   <subfield code="a">Berlin</subfield>
   <subfield code="a">Münster</subfield>
   <subfield code="b">LIT Verl.</subfield>
   <subfield code="c">c 2015</subfield>
  </datafield>
  <datafield tag="300" ind1=" " ind2=" ">
   <subfield code="a">IX, 274 S.</subfield>
   <subfield code="b">Ill., Kt.</subfield>
  </datafield>
  <datafield tag="336" ind1=" " ind2=" ">
   <subfield code="a">Text</subfield>
   <subfield code="b">txt</subfield>
   <subfield code="2">rdacontent</subfield>
  </datafield>
  <datafield tag="337" ind1=" " ind2=" ">
   <subfield code="a">ohne Hilfsmittel zu benutzen</subfield>
   <subfield code="b">n</subfield>
   <subfield code="2">rdamedia</subfield>
  </datafield>
  <datafield tag="338" ind1=" " ind2=" ">
   <subfield code="a">Band</subfield>
   <subfield code="b">nc</subfield>
   <subfield code="2">rdacarrier</subfield>
  </datafield>
  <datafield tag="490" ind1="1" ind2=" ">
   <subfield code="a">Vita regularis</subfield>
   <subfield code="a">Abhandlungen</subfield>
   <subfield code="v">63</subfield>
  </datafield>
  <datafield tag="500" ind1=" " ind2=" ">
   <subfield code="a">Beiträge überw. dt., teilw. engl</subfield>
  </datafield>
  <datafield tag="546" ind1=" " ind2=" ">
   <subfield code="a">Beitr. überw. dt., 1 Beitr. engl.</subfield>
  </datafield>
  <datafield tag="583" ind1="1" ind2=" ">
   <subfield code="a">Archivierung/Langzeitarchivierung gewährleistet</subfield>
   <subfield code="f">SSG</subfield>
   <subfield code="x">XA-DE-BW</subfield>
   <subfield code="2">pdager</subfield>
   <subfield code="5">DE-16</subfield>
  </datafield>
  <datafield tag="610" ind1="2" ind2="7">
   <subfield code="0">(DE-588)1008636-5</subfield>
   <subfield code="0">(DE-627)103128875</subfield>
   <subfield code="0">(DE-576)191178594</subfield>
   <subfield code="a">Franziskaner</subfield>
   <subfield code="2">gnd</subfield>
  </datafield>
  <datafield tag="648" ind1=" " ind2="7">
   <subfield code="a">Geschichte 500-1500</subfield>
   <subfield code="2">gnd</subfield>
  </datafield>
  <datafield tag="650" ind1="0" ind2="7">
   <subfield code="0">(DE-588)4155199-0</subfield>
   <subfield code="0">(DE-627)104813423</subfield>
   <subfield code="0">(DE-576)209817070</subfield>
   <subfield code="a">Franziskanerkloster</subfield>
   <subfield code="2">gnd</subfield>
  </datafield>
  <datafield tag="650" ind1=" " ind2="4">
   <subfield code="a">Geschichte 1200-1500</subfield>
   <subfield code="7">(dpeaa)DE-2491</subfield>
  </datafield>
  <datafield tag="650" ind1=" " ind2="4">
   <subfield code="a">Kongreß</subfield>
   <subfield code="7">(dpeaa)DE-2491</subfield>
  </datafield>
  <datafield tag="650" ind1=" " ind2="4">
   <subfield code="a">Europa</subfield>
   <subfield code="7">(dpeaa)DE-2491</subfield>
  </datafield>
  <datafield tag="650" ind1=" " ind2="4">
   <subfield code="a">Franziskaner</subfield>
   <subfield code="7">(dpeaa)DE-2491</subfield>
  </datafield>
  <datafield tag="650" ind1=" " ind2="4">
   <subfield code="a">Kloster</subfield>
   <subfield code="7">(dpeaa)DE-2491</subfield>
  </datafield>
  <datafield tag="650" ind1=" " ind2="4">
   <subfield code="a">Heidelberg</subfield>
  </datafield>
  <datafield tag="655" ind1=" " ind2="7">
   <subfield code="a">Konferenzschrift</subfield>
   <subfield code="y">2012</subfield>
   <subfield code="z">Heidelberg</subfield>
   <subfield code="0">(DE-588)1071861417</subfield>
   <subfield code="0">(DE-627)826484824</subfield>
   <subfield code="0">(DE-576)433375485</subfield>
   <subfield code="2">gnd-content</subfield>
  </datafield>
  <datafield tag="689" ind1="0" ind2="0">
   <subfield code="d">b</subfield>
   <subfield code="0">(DE-588)1008636-5</subfield>
   <subfield code="0">(DE-627)103128875</subfield>
   <subfield code="0">(DE-576)191178594</subfield>
   <subfield code="a">Franziskaner</subfield>
   <subfield code="2">gnd</subfield>
  </datafield>
  <datafield tag="689" ind1="0" ind2="1">
   <subfield code="a">z</subfield>
   <subfield code="2">gnd</subfield>
   <subfield code="a">Geschichte 500-1500</subfield>
  </datafield>
  <datafield tag="689" ind1="0" ind2=" ">
   <subfield code="5">DE-101</subfield>
  </datafield>
  <datafield tag="689" ind1="1" ind2="0">
   <subfield code="d">b</subfield>
   <subfield code="0">(DE-588)1008636-5</subfield>
   <subfield code="0">(DE-627)103128875</subfield>
   <subfield code="0">(DE-576)191178594</subfield>
   <subfield code="a">Franziskaner</subfield>
   <subfield code="2">gnd</subfield>
  </datafield>
  <datafield tag="689" ind1="1" ind2="1">
   <subfield code="a">z</subfield>
   <subfield code="2">gnd</subfield>
   <subfield code="a">Geschichte 500-1500</subfield>
  </datafield>
  <datafield tag="689" ind1="1" ind2="2">
   <subfield code="d">g</subfield>
   <subfield code="0">(DE-588)4015701-5</subfield>
   <subfield code="0">(DE-627)104289007</subfield>
   <subfield code="0">(DE-576)208913092</subfield>
   <subfield code="a">Europa</subfield>
   <subfield code="2">gnd</subfield>
  </datafield>
  <datafield tag="689" ind1="1" ind2="3">
   <subfield code="d">s</subfield>
   <subfield code="0">(DE-588)4129108-6</subfield>
   <subfield code="0">(DE-627)104535474</subfield>
   <subfield code="0">(DE-576)209607793</subfield>
   <subfield code="a">Mittelalter</subfield>
   <subfield code="2">gnd</subfield>
  </datafield>
  <datafield tag="689" ind1="1" ind2=" ">
   <subfield code="5">(DE-627)</subfield>
  </datafield>
  <datafield tag="700" ind1="1" ind2=" ">
   <subfield code="a">Melville, Gert</subfield>
   <subfield code="d">1944-</subfield>
   <subfield code="e">Hrsg.</subfield>
   <subfield code="0">(DE-588)10899452X</subfield>
   <subfield code="0">(DE-627)393978486</subfield>
   <subfield code="0">(DE-576)162197454</subfield>
   <subfield code="4">edt</subfield>
  </datafield>
  <datafield tag="700" ind1="1" ind2=" ">
   <subfield code="a">Silberer, Leonie</subfield>
   <subfield code="d">1979-</subfield>
   <subfield code="e">Hrsg.</subfield>
   <subfield code="0">(DE-588)1026860113</subfield>
   <subfield code="0">(DE-627)727512366</subfield>
   <subfield code="0">(DE-576)37219768X</subfield>
   <subfield code="4">edt</subfield>
  </datafield>
  <datafield tag="700" ind1="1" ind2=" ">
   <subfield code="a">Schmies, Bernd</subfield>
   <subfield code="d">1967-</subfield>
   <subfield code="e">Hrsg.</subfield>
   <subfield code="0">(DE-588)1159647623</subfield>
   <subfield code="0">(DE-627)1022300504</subfield>
   <subfield code="0">(DE-576)18145145X</subfield>
   <subfield code="4">edt</subfield>
  </datafield>
  <datafield tag="710" ind1="2" ind2=" ">
   <subfield code="a">Klöster im Hochmittelalter: Innovationslabore Europäischer Lebensentwürfe und Ordnungsmodelle</subfield>
   <subfield code="g">Projekt</subfield>
   <subfield code="0">(DE-588)1123962979</subfield>
   <subfield code="0">(DE-627)877609802</subfield>
   <subfield code="0">(DE-576)482189274</subfield>
   <subfield code="4">oth</subfield>
  </datafield>
  <datafield tag="787" ind1="0" ind2="8">
   <subfield code="i">Rezensiert in</subfield>
   <subfield code="a">Lehmann, Leonhard, 1952 - </subfield>
   <subfield code="t">[Rezension von: Gert Melville / Leonie Silberer / Bernd Schmies (Hrsg.), Die Klöster der Franziskaner im Mittelalter]</subfield>
   <subfield code="d">2016</subfield>
   <subfield code="w">(DE-627)1795288280</subfield>
  </datafield>
  <datafield tag="787" ind1="0" ind2="8">
   <subfield code="i">Rezensiert in</subfield>
   <subfield code="a">Knapp, Ulrich, 1956 - </subfield>
   <subfield code="t">[Rezension von: Melville, Gert; Silberer, Leonie; Schmies, Bernd (Hrsg.), Die Klöster der Franziskaner im Mittelalter]</subfield>
   <subfield code="d">2016</subfield>
   <subfield code="w">(DE-627)1800680554</subfield>
  </datafield>
  <datafield tag="787" ind1="0" ind2="8">
   <subfield code="i">Rezensiert in</subfield>
   <subfield code="w">(DE-603)428478697</subfield>
  </datafield>
  <datafield tag="787" ind1="0" ind2="8">
   <subfield code="i">Rezensiert in</subfield>
   <subfield code="w">(DE-603)42532379X</subfield>
  </datafield>
  <datafield tag="787" ind1="0" ind2="8">
   <subfield code="i">Rezensiert in</subfield>
   <subfield code="w">(DE-603)475030885</subfield>
  </datafield>
  <datafield tag="787" ind1="0" ind2="8">
   <subfield code="i">Rezensiert in</subfield>
   <subfield code="w">(DE-603)493378022</subfield>
  </datafield>
  <datafield tag="787" ind1="0" ind2="8">
   <subfield code="i">Rezension in</subfield>
   <subfield code="w">(DE-603)519916859</subfield>
  </datafield>
  <datafield tag="830" ind1=" " ind2="0">
   <subfield code="a">Vita regularis</subfield>
   <subfield code="p">Abhandlungen</subfield>
   <subfield code="v">63</subfield>
   <subfield code="9">63</subfield>
   <subfield code="w">(DE-627)509919111</subfield>
   <subfield code="w">(DE-576)052488500</subfield>
   <subfield code="w">(DE-600)2229751-0</subfield>
   <subfield code="x">2629-3439</subfield>
   <subfield code="7">am</subfield>
  </datafield>
  <datafield tag="856" ind1="4" ind2="2">
   <subfield code="u">https://swbplus.bsz-bw.de/bsz428376215rez.htm</subfield>
   <subfield code="m">B:DE-576;DE-16</subfield>
   <subfield code="q">application/pdf</subfield>
   <subfield code="v">20160728154112</subfield>
   <subfield code="x">Verlag</subfield>
   <subfield code="3">Rezension</subfield>
   <subfield code="7">1</subfield>
  </datafield>
  <datafield tag="856" ind1="4" ind2="2">
   <subfield code="u">http://www.sehepunkte.de/2016/07/28566.html</subfield>
   <subfield code="m">V:DE-576;X:Sehepunkte</subfield>
   <subfield code="q">text/html</subfield>
   <subfield code="v">20180419093555</subfield>
   <subfield code="3">Rezension</subfield>
   <subfield code="7">1</subfield>
  </datafield>
  <datafield tag="856" ind1="4" ind2="2">
   <subfield code="u">http://d-nb.info/1069327964/04</subfield>
   <subfield code="m">B:DE-101</subfield>
   <subfield code="q">application/pdf</subfield>
   <subfield code="x">Verlag</subfield>
   <subfield code="3">Inhaltsverzeichnis</subfield>
   <subfield code="7">1</subfield>
  </datafield>
  <datafield tag="856" ind1="4" ind2="2">
   <subfield code="u">http://scans.hebis.de/HEBCGI/show.pl?35790616_rez.pdf</subfield>
   <subfield code="m">V:DE-576;B:DE-16</subfield>
   <subfield code="q">application/pdf</subfield>
   <subfield code="3">Rezension</subfield>
   <subfield code="7">1</subfield>
  </datafield>
  <datafield tag="935" ind1=" " ind2=" ">
   <subfield code="a">SAXB</subfield>
  </datafield>
  <datafield tag="935" ind1=" " ind2=" ">
   <subfield code="i">Blocktest</subfield>
  </datafield>
  <datafield tag="936" ind1="r" ind2="v">
   <subfield code="a">NV 5230</subfield>
   <subfield code="b">Franziskaner, Franziskanerinnen</subfield>
   <subfield code="k">Geschichte</subfield>
   <subfield code="k">Religions- und Kirchengeschichte</subfield>
   <subfield code="k">Geschichte der katholischen Kirche</subfield>
   <subfield code="k">Geschichte des Mönchtums und des Klosterwesens</subfield>
   <subfield code="k">Franziskaner, Franziskanerinnen</subfield>
   <subfield code="0">(DE-627)1270699512</subfield>
   <subfield code="0">(DE-625)rvk/131864:</subfield>
   <subfield code="0">(DE-576)200699512</subfield>
  </datafield>
  <datafield tag="936" ind1="r" ind2="v">
   <subfield code="a">NV 5150</subfield>
   <subfield code="b">Mönchtum und Klosterwesen</subfield>
   <subfield code="k">Geschichte</subfield>
   <subfield code="k">Religions- und Kirchengeschichte</subfield>
   <subfield code="k">Geschichte der katholischen Kirche</subfield>
   <subfield code="k">Geschichte des Mönchtums und des Klosterwesens</subfield>
   <subfield code="k">Mönchtum und Klosterwesen</subfield>
   <subfield code="0">(DE-627)127153925X</subfield>
   <subfield code="0">(DE-625)rvk/131859:</subfield>
   <subfield code="0">(DE-576)20153925X</subfield>
  </datafield>
  <datafield tag="936" ind1="r" ind2="v">
   <subfield code="a">LH 67840</subfield>
   <subfield code="b">Ordensbaukunst (Bettelorden etc.)</subfield>
   <subfield code="k">Kunstgeschichte</subfield>
   <subfield code="k">Allgemeines. Allgemeine Kunstgeschichte</subfield>
   <subfield code="k">Kunstgeschichte einzelner Gattungen der Kunst</subfield>
   <subfield code="k">Architektur</subfield>
   <subfield code="k">Ordnung nach Bauträgern</subfield>
   <subfield code="k">Ordensbaukunst (Bettelorden etc.)</subfield>
   <subfield code="0">(DE-627)1270705172</subfield>
   <subfield code="0">(DE-625)rvk/94697:</subfield>
   <subfield code="0">(DE-576)200705172</subfield>
  </datafield>
  <datafield tag="936" ind1="r" ind2="v">
   <subfield code="a">LH 67670</subfield>
   <subfield code="b">allgemein</subfield>
   <subfield code="k">Kunstgeschichte</subfield>
   <subfield code="k">Allgemeines. Allgemeine Kunstgeschichte</subfield>
   <subfield code="k">Kunstgeschichte einzelner Gattungen der Kunst</subfield>
   <subfield code="k">Architektur</subfield>
   <subfield code="k">Ordnung nach Aufgaben</subfield>
   <subfield code="k">Sakrale Architektur</subfield>
   <subfield code="k">Klöster</subfield>
   <subfield code="k">allgemein</subfield>
   <subfield code="0">(DE-627)1271106396</subfield>
   <subfield code="0">(DE-625)rvk/94654:154</subfield>
   <subfield code="0">(DE-576)201106396</subfield>
  </datafield>
  <datafield tag="936" ind1="r" ind2="v">
   <subfield code="a">BO 1680</subfield>
   <subfield code="b">Serien</subfield>
   <subfield code="k">Theologie und Religionswissenschaften</subfield>
   <subfield code="k">Patrologie und Kirchengeschichte</subfield>
   <subfield code="k">Kirchengeschichte nach Sachgebieten</subfield>
   <subfield code="k">Ordensgeschichte</subfield>
   <subfield code="k">Darstellungen:</subfield>
   <subfield code="k">Serien</subfield>
   <subfield code="0">(DE-627)1270743880</subfield>
   <subfield code="0">(DE-625)rvk/14016:</subfield>
   <subfield code="0">(DE-576)200743880</subfield>
  </datafield>
  <datafield tag="936" ind1="r" ind2="v">
   <subfield code="a">BO 1715</subfield>
   <subfield code="b">Mittelalter</subfield>
   <subfield code="k">Theologie und Religionswissenschaften</subfield>
   <subfield code="k">Patrologie und Kirchengeschichte</subfield>
   <subfield code="k">Kirchengeschichte nach Sachgebieten</subfield>
   <subfield code="k">Ordensgeschichte</subfield>
   <subfield code="k">Darstellungen:</subfield>
   <subfield code="k">Allgemeine Darstellungen</subfield>
   <subfield code="k">Allgemeines nach Perioden</subfield>
   <subfield code="k">Mittelalter</subfield>
   <subfield code="0">(DE-627)1270743929</subfield>
   <subfield code="0">(DE-625)rvk/14021:</subfield>
   <subfield code="0">(DE-576)200743929</subfield>
  </datafield>
  <datafield tag="936" ind1="b" ind2="k">
   <subfield code="a">11.52</subfield>
   <subfield code="j">Mittelalterliches Christentum</subfield>
   <subfield code="0">(DE-627)10641965X</subfield>
  </datafield>
  <datafield tag="936" ind1="b" ind2="k">
   <subfield code="a">21.70</subfield>
   <subfield code="j">Geschichte der Sakralbaukunst</subfield>
   <subfield code="0">(DE-627)106421255</subfield>
  </datafield>
  <datafield tag="936" ind1="s" ind2="n">
   <subfield code="a">b100</subfield>
   <subfield code="2">mzub</subfield>
  </datafield>
  <datafield tag="936" ind1="s" ind2="n">
   <subfield code="a">z210</subfield>
   <subfield code="2">mzub</subfield>
  </datafield>
  <datafield tag="951" ind1=" " ind2=" ">
   <subfield code="a">BO</subfield>
  </datafield>
  <datafield tag="990" ind1=" " ind2=" ">
   <subfield code="a">Franziskaner</subfield>
  </datafield>
  <datafield tag="990" ind1=" " ind2=" ">
   <subfield code="a">Geschichte 500-1500</subfield>
  </datafield>
  <datafield tag="990" ind1=" " ind2=" ">
   <subfield code="a">Franziskaner</subfield>
  </datafield>
  <datafield tag="990" ind1=" " ind2=" ">
   <subfield code="a">Geschichte 500-1500</subfield>
  </datafield>
  <datafield tag="990" ind1=" " ind2=" ">
   <subfield code="a">Europa</subfield>
  </datafield>
  <datafield tag="990" ind1=" " ind2=" ">
   <subfield code="a">Mittelalter</subfield>
  </datafield>
  <datafield tag="991" ind1=" " ind2=" ">
   <subfield code="a">Rezensiertes Werk</subfield>
  </datafield>
  <datafield tag="999" ind1=" " ind2=" ">
   <subfield code="a">KXP-PPN82450643X</subfield>
   <subfield code="e">4182325095</subfield>
  </datafield>
 </record>
</collection>
